Active alpha : a portfolio approach to selecting and managing alternative investments

Active alpha is the quest for every sophisticated investor. This book covers all of the key alpha sources currently mined by active managers, reduces the complexity of the subject, and helps the investor get started in the right direction

Đã lưu trong:
書目詳細資料
主要作者: Dorsey, Alan H.
格式: 圖書
語言:Undetermined
出版: Hoboken, N.J. John Wiley & Sons 2007
主題:
標簽: 添加標簽
沒有標簽, 成為第一個標記此記錄!
Thư viện lưu trữ: Trung tâm Học liệu Trường Đại học Cần Thơ
LEADER 00896nam a2200217Ia 4500
001 CTU_165855
008 210402s9999 xx 000 0 und d
020 |c 95 
082 |a 332.63 
082 |b D717 
100 |a Dorsey, Alan H. 
245 0 |a Active alpha : 
245 2 |b a portfolio approach to selecting and managing alternative investments 
245 0 |c Alan H. Dorsey 
260 |a Hoboken, N.J. 
260 |b John Wiley & Sons 
260 |c 2007 
520 |a Active alpha is the quest for every sophisticated investor. This book covers all of the key alpha sources currently mined by active managers, reduces the complexity of the subject, and helps the investor get started in the right direction 
650 |a Portfolio management,Investments,Factor analysis,Quản lý danh mục đầu tư 
910 |a Nguyên 
980 |a Trung tâm Học liệu Trường Đại học Cần Thơ